When it happened : a question-and-answer book about world history

Bibliographic Details
Format: Book
Published: London : Kingfisher Books , 1990
Subjects:

MARC

LEADER 00000cam a2200000 7i4500
001 0000005218
002 000005640
005 20000330.0
020 |a 0862724635 
090 0 0 |a 032   |b WHE 
245 0 0 |a When it happened :   |b a question-and-answer book about world history   |c General editor Lesley Firth 
260 |a London :   |b Kingfisher Books ,   |c 1990 
300 |a 128p. ;   |c 27cm. 
650 0 0 |a Children's encyclopedias and dictionaries 
999 |a 037685   |b BUKU   |c PINJAMAN   |e PERPUSTAKAAN KOMUNITI PETALING JAYA